Statistiques concernant Quels sont ces pilotes de Formule 1 ?

Cliquez ici pour prendre le quiz!

Statistiques générales

  • Ce quiz a été pris 360 fois
  • Le résultat moyen est 9 sur 10

Statistiques - réponses

Réponse% Correct
Lewis Hamilton
99%
Fernando Alonso
97%
Max Verstappen
97%
Michael Schumacher
94%
Sebastian Vettel
94%
Alain Prost
89%
Ayrton Senna
88%
Nico Rosberg
81%
Kimi Räikkönen
74%
Juan Manuel Fangio
61%

Distribution des résultats

Percentile par nombre de réponses

% des personnes avec chaque résultat

Votre développement - résultats

Vous n’avez pas pris ce quiz